Official Closing Ceremony English Course 3rd August 1991 [
| Corporate Author: | |
|---|---|
| Format: | Book |
| Published: |
Bangi :
Institut Penilaian Negara ,
1991
|
MARC
| LEADER | 00000cam a2200000 7i4500 | ||
|---|---|---|---|
| 001 | 0000005065 | ||
| 005 | 20080701.0 | ||
| 040 | |a INS | ||
| 090 | 0 | 0 | |a VCD 1386 |
| 245 | 0 | 0 | |a Official Closing Ceremony English Course |c by Mr. Aloysius Choong Kok Sin : |b 3rd August 1991 [ |h video disc] |
| 260 | |a Bangi : |b Institut Penilaian Negara , |c 1991 | ||
| 300 | |a 1 videodisc (126 min.) : |b sd., col. ; |c 4 3/4 in. | ||
| 500 | |a Also available in format VHS 302 | ||
| 710 | 1 | |a Institut Penilaian Negara | |
| 999 | |a VCD0001386 |b VIDEO CD |c Media Collection |e Default branch | ||